Διεθνές μάρκετινγκ

Αποθηκεύτηκε σε:
Λεπτομέρειες βιβλιογραφικής εγγραφής
Κύριος συγγραφέας: Cateora, Philip R.
Άλλοι συγγραφείς: Graham, John L.
Μορφή: Βιβλίο
Γλώσσα:Greek
English
Δημοσίευση: Αθήνα : Παπαζήσης : Βιβλιοθήκη Τράπεζας Αττικής, c2003.
Έκδοση:10η αμερικάνικη έκδοση.
Θέματα:
Ετικέτες: Προσθήκη ετικέτας
Δεν υπάρχουν, Καταχωρήστε ετικέτα πρώτοι!

MARC

LEADER 00000cam a2200000 i 4500
001 1/1669
008 090922s2003 gr | ||| |||| ||gre||
020 |a 960021672X   |q (set) 
020 |a 9600216738   |q (τ. 1) 
020 |a 9600216746   |q (τ. 2)  
035 |l 10105684 
040 |a GR-MyUa  |b gre  |e AACR2 
041 1 |a gre  |h eng 
082 7 |a 658.84   |2 (22) 
100 1 |a Cateora, Philip R. 
245 1 0 |a Διεθνές μάρκετινγκ /   |c Philip R. Cateora, John L. Graham ; επιμέλεια, εισαγωγικό σημείωμα: Γεώργιος Γ. Πανηγυράκης.  
250 |a 10η αμερικάνικη έκδοση. 
260 |a Αθήνα :   |b Παπαζήσης :   |b Βιβλιοθήκη Τράπεζας Αττικής,   |c c2003.  
300 |a 2 τ. :   |b εικ., σχέδια ;   |c 24 εκ. 
500 |a Μετάφραση: τ. 1. Μίτση Παπασωτηρίου, Νικηφόρος Σταματάκης -- τ. 2. Θανάσης Αθανασίου, Νικηφόρος Σταματάκης.  
504 |a Περιλαμβάνει βιβλιογραφικές παραπομπές και ευρετήριο.  
650 0 |a Export marketing. 
650 0 |a International business enterprises. 
700 1 |a Graham, John L. 
765 0 8 |i Μετάφραση του:   |t International marketing /  
852 |a INST  |b CHIOS  |e 20090922  |h 658.84 CAT  |p 005200029695  |q 005200029695  |t BK  |y 0  |z τ.2 
852 |a INST  |b CHIOS  |e 20090922  |h 658.84 CAT  |p 005200029696  |q 005200029696  |t BK  |y 0  |z τ.2 
852 |a INST  |b CHIOS  |e 20090922  |h 658.84 CAT  |p 005200029699  |q 005200029699  |t BK  |y 0  |z τ.1 
852 |a INST  |b CHIOS  |e 20090922  |h 658.84 CAT  |p 005200029700  |q 005200029700  |t BK  |y 0  |z τ.1 
852 |a INST  |b CHIOS  |e 20090922  |h 658.84 CAT  |p 005200029695  |q 005200029695  |t BK  |v τ.2:  |y 0  |z τ.2 
852 |a INST  |b CHIOS  |e 20090922  |h 658.84 CAT  |p 005200029696  |q 005200029696  |t BK  |v τ.2:  |y 0  |z τ.2 
852 |a INST  |b CHIOS  |e 20090922  |h 658.84 CAT  |p 005200029699  |q 005200029699  |t BK  |v τ.1:  |y 0  |z τ.1 
852 |a INST  |b CHIOS  |e 20090922  |h 658.84 CAT  |p 005200029700  |q 005200029700  |t BK  |v τ.1:  |y 0  |z τ.1 
852 |a INST  |b SYROS  |e 20170906  |h 658.84 CAT  |p 005500013130  |q 005500013130  |t BK  |v τ.1:  |y 0 
852 |a INST  |b SYROS  |e 20170906  |h 658.84 CAT  |p 005500013131  |q 005500013131  |t BK  |v τ.2:  |y 0 
853 |a INST  |b CHIOS  |h 658.84 CAT 
853 |a INST  |b SYROS  |h 658.84 CAT 
901 |a BIBL2-2009-3 
970 |a Σαλαμούρα  |b Μαρία  |z 22/09/2009